| 000 | 00960cam a22002771 4500 | ||
|---|---|---|---|
| 001 | gs 48000013 | ||
| 003 | DLC | ||
| 005 | 20260227111353.0 | ||
| 008 | 761113s1947 dcu 000 0 eng | ||
| 010 | _ags 48000013 | ||
| 035 | _a(OCoLC)2556765 | ||
| 040 |
_aDLC _cTx _dOCoLC _dDLC |
||
| 042 | _apremarc | ||
| 050 | 0 | 0 |
_aGB1025.T4 _bA5 1947 |
| 082 | _a551.49 | ||
| 110 | 2 | _aTexas Water Commission. | |
| 245 | 1 | 0 |
_aGround-water resources of Bexar County, Texas, _cby Penn Livingston. Prepared in cooperation with the U. S. Dept. of the Interior, Geological Survey. |
| 260 |
_a[Washington] _c1947 |
||
| 300 |
_a234 l. _b3 fold maps. _c28 cm. |
||
| 500 | _aIncludes references. | ||
| 500 | _aUnited States Geological survey. Library. for Library of Congress. | ||
| 650 | 0 |
_aGroundwater _zTexas _zBexar County. |
|
| 650 | 0 |
_aWater-supply _zTexas _zBexar County. |
|
| 700 | 1 |
_aLivingston, Penn _q(Penn Poore), _d1899- |
|
| 710 | 2 | _aGeological Survey (U.S.) | |
| 999 |
_c28236 _d28236 |
||